000 00752nam a22002177a 4500
999 _c17602
_d17602
003 AR-CdUCM
008 190509b ||||| |||| 00| 0 spa d
040 _aMUNICIPALIDAD PROVINCIAL DEL CUSCO
_cBIBLIOTECA MUNICIPAL DEL CUSCO
082 _a923.1 /
_bAV951
100 _aAvendaño, Angel
_9875
245 _aPachakuteq /
260 _aCusco :
_bMunicipalidad del Qosqo,
_c1992.
300 _a50 páginas ;
_bFotografías,
_c20 cm.
505 _aContenido: Pachakúteq: la universalidad de su jerarquía -- Del mito a la historia -- Problema histórico...
650 _aHistoria Inka
_937717
650 _aCusco
_9772
650 _aPachakuteq
_937718
700 _aMunicipalidad del Qosqo
_937719
942 _2ddc
_cLIBROS
945 _adavv
_d2019-05-09